| 000 | 01144naa a22003137a 4500 | ||
|---|---|---|---|
| 001 | BR8004786 | ||
| 003 | BR-BrBNA | ||
| 005 | 20240918174639.0 | ||
| 007 | ta | ||
| 008 | 230509b bl.||||| |||| 00| 0 por d | ||
| 040 |
_aBR-BrBNA _bpor _cBiblioteca Nacional de Agricultura |
||
| 041 | _a(Pt) | ||
| 072 | _aF22 | ||
| 090 | _aF22 BR8004786 | ||
| 100 | 1 | _aOliveira, G.R. | |
| 100 | 1 | _aGheyi, H.R. | |
| 100 | 1 | _aCarvalho, H.O. | |
| 111 | 1 |
_a5. Congresso Nacional de Irrigacao e Drenagem _cSao Paulo, SP (Brazil) _d29 Sep 1980 |
|
| 245 | 1 | _aComparacao de tres metodos de secagem de amostras na determinacao do conteudo de agua do solo: uso do forno de microondas | |
| 260 | 3 |
_aSao Paulo, SP (Brasil): _c1980. |
|
| 500 | _aAnais do 5. Congresso Nacional de Irrigacao e Drenagem Sao Paulo, SP (Brasil): 1980. p. 342-354 (BR8004786-AM)F22 | ||
| 650 | _aUMIDADE DO SOLO | ||
| 650 | _aAGUA DO SOLO | ||
| 650 | _aSECAGEM | ||
| 650 | _aSOLO | ||
| 773 | 0 |
_tAnais do 5. Congresso Nacional de Irrigacao e Drenagem _b _wF22 BR8004786 _gSao Paulo, SP (Brasil), 1980. p. 342-354 |
|
| 909 |
_a202404 _bLucia _c55 _dLucia Elande |
||
| 942 |
_cAM _2AGRIS |
||
| 999 |
_c312589 _d312589 |
||